kidzlori - KRZYKI - Statystyki

Ogólne statystyki
  • Ten quiz został rozwiązany 7 razy
  • Średni wynik to 8 z 14
Statystyki odpowiedzi
KRZYKI % Poprawnych
dominikana
100%
kimi
100%
krzyki
80%
plan b
80%
ciao bella
60%
co to znaczy
60%
duch interlude
60%
chcę być
40%
different
40%
giulia
40%
skala
40%
widebody
40%
mały dzieciak
20%
w trybie
20%
Nie znaleziono quizów pasujących do podanych kryteriów
Rozkład punktacji
Procent ludzi z każdym wynikiem
Percentyl według liczby udzielonych odpowiedzi
Twoja historia wyników
Nie rozwiązałeś tego quizu